[Event "Sparkassen-Open A"]
[Site "Heusenstamm, Martinsee"]
[Date "2024.11.21"]
[Round "1.28"]
[White "Pradeep, Harshill"]
[Black "Neukirchner, Pascal"]
[Result "1-0"]
[WhiteElo "1894"]
[BlackElo "2255"]
[PlyCount "69"]
[EventDate "2024.11.21"]
[WhiteTeam "SK Bickenbach"]
[BlackTeam "Heilbronner SV"]

1. e4 c5 2. Nf3 d6 3. Bb5+ Bd7 4. Bxd7+ Qxd7 5. c4 Nc6 6. Nc3 g6 7. d4 cxd4 8. Nxd4 Bg7 9. Be3 Nf6 10. f3 O-O 11. O-O Rfc8 12. b3 a6 13. Qd3 Rab8 14. Rac1 Nxd4 15. Bxd4 b5 16. cxb5 axb5 17. Kh1 Rb7 18. Bxf6 Bxf6 19. Nd5 Bg7 20. Nxe7+ Qxe7 21. Rxc8+ Bf8 22. Rfc1 h5 23. h3 Kh7 24. Qd5 Bg7 25. f4 Ra7 26. R8c2 b4 27. Rd1 Bh6 28. Rf2 Qh4 29. Rdf1 Rc7 30. Qxd6 Rc1 31. Rxc1 Qxf2 32. Qf6 Bxf4 33. Qxf7+ Kh6 34. Qf8+ Kg5 35. Qc5+ 1-0

[Event "Sparkassen-Open A"]
[Site "Heusenstamm, Martinsee"]
[Date "2024.11.21"]
[Round "1.29"]
[White "Klundt, Klaus"]
[Black "Held, Bernhard"]
[Result "1-0"]
[WhiteElo "2252"]
[BlackElo "1899"]
[PlyCount "69"]
[EventDate "2024.11.21"]
[WhiteTeam "SC Heusenstamm"]
[BlackTeam "SK 1908 Göggingen"]

1. e4 c5 2. Nf3 Nc6 3. d4 cxd4 4. Nxd4 Nf6 5. Nc3 e5 6. Ndb5 d6 7. Bg5 a6 8. Na3 b5 9. Nd5 Be7 10. Bxf6 Bxf6 11. c4 b4 12. Nc2 a5 13. g3 O-O 14. b3 Be7 15. Bg2 Rb8 16. O-O f5 17. exf5 Bxf5 18. Nxe7+ Nxe7 19. Ne3 Be6 20. Qd3 Qb6 21. Rad1 Rbd8 22. Rd2 Kh8 23. Nd5 Bxd5 24. Bxd5 Nf5 25. Be4 Nd4 26. Kg2 g6 27. Qe3 Rf6 28. h4 Kg7 29. h5 Qb8 30. Rh1 Rh8 31. h6+ Kf8 32. Rxd4 exd4 33. Qxd4 Qd8 34. Re1 Kf7 35. Qa7+ 1-0

[Event "Sparkassen-Open A"]
[Site "Heusenstamm, Martinsee"]
[Date "2024.11.21"]
[Round "1.30"]
[White "Kulkovets, Roman"]
[Black "Engel, Bruno"]
[Result "0-1"]
[WhiteElo "1853"]
[BlackElo "2242"]
[PlyCount "78"]
[EventDate "2024.11.21"]
[WhiteTeam "SAbt TuS Makkabi Ffm"]
[BlackTeam "Lübecker SV von 1873"]

1. e4 c5 2. Nc3 a6 3. Nf3 e6 4. d4 cxd4 5. Nxd4 Qc7 6. a3 Nc6 7. Be3 Nf6 8. Be2 d6 9. g4 b5 10. f4 Bb7 11. Bf3 Nd7 12. O-O Be7 13. f5 Nxd4 14. Bxd4 Ne5 15. Be2 Bg5 16. Qe1 Qe7 17. fxe6 fxe6 18. Bxe5 dxe5 19. Bd3 h5 20. gxh5 Rxh5 21. Qe2 Qc5+ 22. Kh1 Rh6 23. Qf2 Qxf2 24. Rxf2 Ke7 25. Rg1 Bf6 26. Nd1 Rh4 27. Ne3 Bxe4+ 28. Bxe4 Rxe4 29. Ng4 Rf8 30. Nxf6 gxf6 31. Rd2 Rd4 32. Re2 Rf7 33. c3 Rd8 34. Rg3 Rd5 35. Kg2 f5 36. h4 e4 37. Rg5 Kf6 38. Rg3 Rh7 39. Rh3 e5 0-1

[Event "Sparkassen-Open A"]
[Site "Heusenstamm, Martinsee"]
[Date "2024.11.21"]
[Round "1.31"]
[White "Ohler, Julius"]
[Black "Lang, Nico"]
[Result "1-0"]
[WhiteElo "2231"]
[BlackElo "1896"]
[PlyCount "83"]
[EventDate "2024.11.21"]
[WhiteTeam "SC ML Kastellaun"]
[BlackTeam "Schachverein Ahlen 1954 e. V."]

1. c4 c5 2. g3 Nc6 3. Bg2 d6 4. Nc3 g6 5. a3 Bg7 6. Rb1 a5 7. Nf3 Nf6 8. O-O Bf5 9. d3 Qd7 10. Re1 e5 11. Bg5 e4 12. Bxf6 Bxf6 13. Nxe4 Bxe4 14. dxe4 O-O 15. Nd2 Ne5 16. Qc2 b5 17. f4 Ng4 18. Qd3 Rab8 19. e5 Bg7 20. h3 Nh6 21. Ne4 Nf5 22. b3 Rfd8 23. g4 Nd4 24. Nxd6 f6 25. Bd5+ Kf8 26. e3 Nf3+ 27. Bxf3 fxe5 28. Rbd1 Rb6 29. cxb5 exf4 30. Bc6 Rxc6 31. bxc6 Qxc6 32. Qd5 Qxd5 33. Rxd5 fxe3 34. Rdd1 Bd4 35. Nb5 e2+ 36. Rxd4 cxd4 37. Rxe2 Rd5 38. a4 Kf7 39. Kf2 Kf6 40. Kf3 h5 41. Kf4 hxg4 42. hxg4 1-0

[Event "Sparkassen-Open A"]
[Site "Heusenstamm, Martinsee"]
[Date "2024.11.21"]
[Round "1.32"]
[White "Berberich, Christoph"]
[Black "Wolf, Ulrich Martin"]
[Result "0-1"]
[WhiteElo "1892"]
[BlackElo "2228"]
[PlyCount "140"]
[EventDate "2024.11.21"]
[WhiteTeam "SK Freiburg-Zähringen 1887 e.V."]
[BlackTeam "SK Bad Homburg 1927"]

1. Nf3 f5 2. g3 Nf6 3. Bg2 g6 4. b3 Bg7 5. Bb2 d6 6. d4 O-O 7. O-O Ne4 8. c4 Nc6 9. Qc1 e5 10. d5 Ne7 11. Nc3 Nxc3 12. Bxc3 h6 13. Qb2 g5 14. Rad1 Ng6 15. Nd2 Qe7 16. b4 Bd7 17. Rc1 h5 18. c5 Bb5 19. Nb3 h4 20. Rc2 g4 21. Rfc1 f4 22. cxd6 cxd6 23. Be1 Qf6 24. Rc7 Rf7 25. Rc8+ Rxc8 26. Rxc8+ Kh7 27. Qc2 Bd7 28. Rc7 Bf5 29. Rxf7 Bxc2 30. Rxf6 Bxf6 31. Na5 h3 32. Bf1 Be4 33. Nxb7 Be7 34. Na5 Bxd5 35. f3 gxf3 36. exf3 Bxf3 37. Bxh3 Bd5 38. Bf5 fxg3 39. hxg3 Bd8 40. a3 Kg7 41. Bf2 Bxa5 42. bxa5 a6 43. Bxg6 Kxg6 44. Bb6 Kf6 45. Kf2 Be4 46. Ke3 Bf5 47. Kf3 d5 48. g4 Bg6 49. Ke3 Kg5 50. Bd8+ Kxg4 51. Bb6 Kf5 52. Ba7 Ke6 53. Bc5 Kd7 54. Bb6 Kc6 55. Bd8 d4+ 56. Kd2 e4 57. Bg5 Kd5 58. Bh6 Be8 59. Bg5 Bb5 60. Bh6 Ke6 61. Bg5 Kf5 62. Bh6 Kg4 63. a4 Bc4 64. Bg7 e3+ 65. Ke1 d3 66. Bc3 Kf3 67. Bb4 Be6 68. Bc3 Bg4 69. Bb4 Ke4 70. Bc3 Kd5 0-1

[Event "Sparkassen-Open A"]
[Site "Heusenstamm, Martinsee"]
[Date "2024.11.21"]
[Round "1.33"]
[White "Lesny, Florian"]
[Black "Schramm, Luca"]
[Result "1-0"]
[WhiteElo "2222"]
[BlackElo "1892"]
[PlyCount "105"]
[EventDate "2024.11.21"]
[WhiteTeam "Schachfreunde Hünstetten"]
[BlackTeam "SC Einrich e.V."]

1. e4 c5 2. Nf3 Nc6 3. d4 cxd4 4. Nxd4 e5 5. Nb5 d6 6. N1c3 a6 7. Na3 Be7 8. Nc4 b5 9. Ne3 Nf6 10. Bd3 Nb4 11. Be2 Bb7 12. a3 Nc6 13. Ned5 Nd4 14. Bd3 O-O 15. O-O Ne6 16. b4 Rc8 17. Be3 Nxd5 18. Nxd5 Bxd5 19. exd5 Nf4 20. Bxf4 exf4 21. a4 Bf6 22. Ra3 Bc3 23. axb5 axb5 24. Bxh7+ Kxh7 25. Qd3+ Kg8 26. Rxc3 Qg5 27. Rc6 Rxc6 28. dxc6 Rc8 29. Re1 g6 30. Qf3 d5 31. Qh3 Qf5 32. Qxf5 gxf5 33. Rd1 Rxc6 34. Rxd5 Rxc2 35. Kf1 Rb2 36. Rxb5 Kg7 37. Rb6 f6 38. Rb8 Kf7 39. b5 Ke6 40. b6 Kd7 41. h4 f3 42. gxf3 Rb4 43. Kg2 Rxh4 44. Rf8 Kc6 45. Rxf6+ Kb7 46. Kg3 Rb4 47. f4 Kc8 48. Rxf5 Rxb6 49. Rd5 Rg6+ 50. Kf3 Kc7 51. f5 Rg8 52. Kf4 Kc6 53. Rd2 1-0

[Event "Sparkassen-Open A"]
[Site "Heusenstamm, Martinsee"]
[Date "2024.11.21"]
[Round "1.34"]
[White "Blomer, Moritz"]
[Black "Töpfer, Albrecht"]
[Result "0-1"]
[WhiteElo "1890"]
[BlackElo "2170"]
[PlyCount "116"]
[EventDate "2024.11.21"]
[WhiteTeam "SG Porz e. V."]
[BlackTeam "SC Fulda"]

1. Nf3 d5 2. g3 g6 3. Bg2 Bg7 4. d4 Nf6 5. O-O O-O 6. c4 c6 7. a4 a5 8. cxd5 Nxd5 9. e4 Nb4 10. Bf4 Bg4 11. Be5 Bxe5 12. dxe5 Qxd1 13. Rxd1 N8a6 14. Nbd2 Nc5 15. h3 Bxf3 16. Bxf3 Rfd8 17. Nc4 Rxd1+ 18. Rxd1 Nxa4 19. Ra1 b5 20. Bd1 Nc5 21. Rxa5 Rxa5 22. Nxa5 Ncd3 23. b3 Nxe5 24. Be2 Nd7 25. Nb7 e5 26. Bd1 Kf8 27. Kf1 Ke7 28. Ke2 Na6 29. Ke3 Ndc5 30. Nxc5 Nxc5 31. f4 f6 32. h4 Kd6 33. f5 g5 34. hxg5 fxg5 35. Kf3 h6 36. Ke3 Nd7 37. Kd3 Nf6 38. Bf3 Kc5 39. Kc3 Kb6 40. Kb4 c5+ 41. Kc3 Ka5 42. g4 Nd7 43. Bd1 Nf6 44. Bf3 Ka6 45. Kc2 Kb6 46. Kd2 b4 47. Kc2 c4 48. bxc4 Kc6 49. Kb2 Kc5 50. Kb3 h5 51. gxh5 g4 52. Bg2 Nxh5 53. Bh1 Nf6 54. Bg2 g3 55. Bh3 Nh5 56. Bg2 Nf4 57. Bf1 g2 58. Bxg2 Nxg2 0-1

[Event "Sparkassen-Open A"]
[Site "Heusenstamm, Martinsee"]
[Date "2024.11.21"]
[Round "1.35"]
[White "Mostertman, Milan"]
[Black "Heyartz, Wolfgang"]
[Result "1-0"]
[WhiteElo "2204"]
[BlackElo "1890"]
[PlyCount "43"]
[EventDate "2024.11.21"]
[WhiteTeam "Groninger Combinatie"]
[BlackTeam "SU Ebersberg-Grafing"]

1. e4 e5 2. Nf3 Nc6 3. Bc4 Bc5 4. c3 Nf6 5. d4 exd4 6. b4 Bd6 7. b5 Na5 8. Bd3 Be7 9. cxd4 d6 10. Bd2 c6 11. Qa4 b6 12. bxc6 O-O 13. d5 Qc7 14. O-O Bd8 15. Bb4 Be7 16. Nc3 a6 17. Qa3 Rd8 18. Rab1 Ra7 19. Na4 b5 20. Nc3 Nc4 21. Bxc4 a5 22. Nxb5 1-0

[Event "Sparkassen-Open A"]
[Site "Heusenstamm, Martinsee"]
[Date "2024.11.21"]
[Round "1.36"]
[White "Büse, Ralf"]
[Black "Marcziter, Dmitrii"]
[Result "0-1"]
[WhiteElo "1889"]
[BlackElo "2187"]
[PlyCount "70"]
[EventDate "2024.11.21"]
[WhiteTeam "SC Ladja Roßdorf"]
[BlackTeam "Schachgemeinschaft Porz e. V."]

1. d4 Nf6 2. Bf4 d5 3. e3 c5 4. Nd2 Nc6 5. c3 Bf5 6. Ngf3 Qb6 7. Qb3 c4 8. Qxb6 axb6 9. a3 b5 10. Rc1 h6 11. h3 e6 12. Be2 Be7 13. O-O O-O 14. Ne5 Nxe5 15. Bxe5 Nd7 16. Bg3 Nb6 17. Bd1 Na4 18. Bxa4 bxa4 19. Rfe1 Bd3 20. e4 Bg5 21. f4 Bf6 22. exd5 exd5 23. Nf3 Ra6 24. Rcd1 Rb6 25. Rd2 Bd8 26. Ne5 Bf5 27. Kf2 h5 28. Nf3 f6 29. h4 Kf7 30. Re3 Bc7 31. Bh2 Bd6 32. g3 Ra8 33. Ke2 Ra5 34. Ke1 Bd3 35. Kd1 Rab5 0-1

[Event "Sparkassen-Open A"]
[Site "Heusenstamm, Martinsee"]
[Date "2024.11.21"]
[Round "1.37"]
[White "Hoppstädter, Daniel"]
[Black "Schulze, Manfred"]
[Result "1-0"]
[WhiteElo "2198"]
[BlackElo "1889"]
[PlyCount "41"]
[EventDate "2024.11.21"]
[WhiteTeam "SC Turm Illingen"]
[BlackTeam "SC Steinbach"]

1. d4 f5 2. Bg5 Nf6 3. Bxf6 exf6 4. e3 d5 5. c4 c6 6. Nc3 Bb4 7. cxd5 Qxd5 8. a3 Bxc3+ 9. bxc3 O-O 10. Nf3 f4 11. Bd3 fxe3 12. fxe3 Bf5 13. O-O Re8 14. Bxf5 Qxf5 15. e4 Qd7 16. e5 fxe5 17. Nxe5 Qe6 18. Rf7 b6 19. Qd3 c5 20. Rxg7+ Kxg7 21. Qg3+ 1-0

[Event "Sparkassen-Open A"]
[Site "Heusenstamm, Martinsee"]
[Date "2024.11.21"]
[Round "1.38"]
[White "Fischermann, Simon"]
[Black "Petersen, Henrik"]
[Result "1/2-1/2"]
[WhiteElo "1885"]
[BlackElo "2194"]
[PlyCount "64"]
[EventDate "2024.11.21"]
[WhiteTeam "SG Porz e. V."]
[BlackTeam "SV 03/25 Koblenz"]

1. e4 e5 2. Nf3 d6 3. Bc4 Be6 4. Bb3 Nf6 5. d3 Be7 6. Nbd2 c5 7. c3 Nc6 8. Nf1 d5 9. Ng3 Qd7 10. Ba4 Bd6 11. d4 cxd4 12. cxd4 dxe4 13. Nxe5 Qc7 14. Nxc6 bxc6 15. O-O O-O 16. Bg5 Bxg3 17. hxg3 Kh8 18. Rc1 Bd5 19. Bxf6 gxf6 20. Bxc6 Bxc6 21. d5 Rad8 22. Rxc6 Qe5 23. d6 Rd7 24. Qd2 Rfd8 25. Rd1 Kg7 26. Qd4 Kg6 27. Qxe5 fxe5 28. Kf1 f5 29. Ke2 Kf6 30. Ke3 h5 31. Rh1 Kg5 32. Rd1 Kf6 1/2-1/2

[Event "Sparkassen-Open A"]
[Site "Heusenstamm, Martinsee"]
[Date "2024.11.21"]
[Round "1.39"]
[White "Minor, Samuel"]
[Black "Dorfner, Jeremias"]
[Result "1/2-1/2"]
[WhiteElo "2189"]
[BlackElo "1882"]
[PlyCount "130"]
[EventDate "2024.11.21"]
[WhiteTeam "Wiesbadener SV 1885"]
[BlackTeam "TV-Großostheim 1900 e.V."]

1. e4 c6 2. Nf3 d5 3. d3 Bg4 4. h3 Bxf3 5. Qxf3 e6 6. g3 Nf6 7. Bg2 Be7 8. O-O O-O 9. Qe2 dxe4 10. dxe4 e5 11. Nd2 Qc7 12. Nc4 Nbd7 13. f4 b5 14. Ne3 exf4 15. gxf4 g6 16. b3 Nh5 17. Qf3 Bc5 18. Kh1 Rae8 19. Bb2 f6 20. Nf5 Re6 21. Rad1 Rfe8 22. Ng3 Nxg3+ 23. Qxg3 R6e7 24. Qg4 Rf8 25. Rd3 Rff7 26. h4 f5 27. Qg5 fxe4 28. Rxd7 Rxd7 29. Qxc5 Rxf4 30. Qg5 Rxf1+ 31. Bxf1 Rf7 32. Bg2 Rf5 33. Qe3 Qf4 34. Qxe4 Qxe4 35. Bxe4 Rf4 36. Bxc6 Rxh4+ 37. Kg2 b4 38. a3 a5 39. axb4 axb4 40. Bd5+ Kf8 41. Bc1 Rd4 42. Bc4 Rd7 43. Be3 Rb7 44. Kf3 Ke7 45. Bc5+ Kf6 46. Kf4 Rb8 47. Bd4+ Ke7 48. Kg5 Kd6 49. Kh6 Rb7 50. Bg7 g5 51. Bd4 g4 52. Kh5 Re7 53. Bf2 Rg7 54. Bg3+ Kc5 55. Be2 Kd4 56. Kh6 Rg6+ 57. Kxh7 Rc6 58. Bxg4 Rxc2 59. Be6 Rc6 60. Bf7 Kc3 61. Bd5 Rc8 62. Be1+ Kc2 63. Kg7 Rd8 64. Bc4 Rd3 65. Bxd3+ Kxd3 1/2-1/2

[Event "Sparkassen-Open A"]
[Site "Heusenstamm, Martinsee"]
[Date "2024.11.21"]
[Round "1.40"]
[White "Shanawaz Thabrez, Shahzaib"]
[Black "Poysti, Nathanael"]
[Result "1/2-1/2"]
[WhiteElo "1882"]
[BlackElo "2187"]
[PlyCount "23"]
[EventDate "2024.11.21"]
[WhiteTeam "SK Langen"]
[BlackTeam "ohne Verein"]

1. e4 c6 2. Nf3 d5 3. Nc3 Bg4 4. Be2 Nf6 5. e5 Ne4 6. Nxe4 dxe4 7. Ng5 Bf5 8. e6 Bxe6 9. Nxe6 fxe6 10. d3 g6 11. h4 Bg7 12. h5 1/2-1/2

[Event "Sparkassen-Open A"]
[Site "Heusenstamm, Martinsee"]
[Date "2024.11.21"]
[Round "1.41"]
[White "Rempe, Jonas"]
[Black "Ternes, Markus"]
[Result "1-0"]
[WhiteElo "2182"]
[BlackElo "1882"]
[PlyCount "77"]
[EventDate "2024.11.21"]
[WhiteTeam "SK Doppelbauer Kiel von 1910 e.V"]
[BlackTeam "SC Sulzbach-Rosenberg"]

1. e4 e5 2. Nf3 Nc6 3. Bb5 a6 4. Ba4 Nf6 5. O-O b5 6. Bb3 Bc5 7. Nxe5 Nxe5 8. d4 Bxd4 9. Qxd4 d6 10. f4 Nc6 11. Qc3 Bb7 12. e5 Ne4 13. Qe3 Na5 14. Nd2 Nxb3 15. axb3 Nxd2 16. Bxd2 O-O 17. Bc3 Qh4 18. exd6 Rfe8 19. Qd4 Qg4 20. Rf2 Rad8 21. Qa7 Qc8 22. dxc7 Rd6 23. Be5 Rde6 24. Rd1 f6 25. Rd8 Rxd8 26. cxd8=Q+ Qxd8 27. Qxb7 fxe5 28. fxe5 Re7 29. Qe4 Qe8 30. Qd5+ Kh8 31. e6 h6 32. Re2 Qc8 33. Qd6 Qb7 34. Rf2 Qa7 35. c4 Rc7 36. c5 Rxc5 37. Rf8+ Kh7 38. Qd3+ Rf5+ 39. Kh1 1-0

[Event "Sparkassen-Open A"]
[Site "Heusenstamm, Martinsee"]
[Date "2024.11.21"]
[Round "1.42"]
[White "Peter, Laurenz"]
[Black "Kersten, Uwe"]
[Result "0-1"]
[WhiteElo "1879"]
[BlackElo "2170"]
[PlyCount "110"]
[EventDate "2024.11.21"]
[WhiteTeam "Sportgemeinschaft Kaarst 1912/35"]
[BlackTeam "Sfr. Wolfhagen e. V."]

1. d4 Nf6 2. Nf3 e6 3. c4 c5 4. d5 d6 5. Nc3 g6 6. e4 Bg7 7. Be2 O-O 8. O-O Re8 9. Nd2 Na6 10. f4 exd5 11. cxd5 Nc7 12. a4 b6 13. Re1 a6 14. Bf3 Rb8 15. Nc4 b5 16. Na5 Ncxd5 17. Nc6 Nxc3 18. bxc3 Qc7 19. e5 dxe5 20. Rxe5 Be6 21. Nxb8 Rxb8 22. axb5 axb5 23. Ra6 Nd7 24. Re3 Nb6 25. Rd3 h5 26. Kh1 Nc4 27. Rc6 Qe7 28. Qe1 Re8 29. Rd1 Qf8 30. Qf2 Rc8 31. Rxc8 Qxc8 32. Qh4 f6 33. Qe1 Kf7 34. Bd5 f5 35. Bxe6+ Qxe6 36. Qf2 Qc6 37. Rd3 Nd6 38. Qa2+ Kf6 39. Bb2 c4 40. Rd1 Ke6 41. Qa7 Bf6 42. Qh7 Qe8 43. Qc7 Ne4 44. Ra1 Qe7 45. Ra6+ Kf7 46. Qb6 Nc5 47. Ra7 Nd7 48. Qf2 Qf8 49. Qe2 h4 50. Ba3 Qd6 51. Rc7 h3 52. Kg1 Bd8 53. Rc8 Bb6+ 54. Kf1 hxg2+ 55. Qxg2 Qd1# 0-1

[Event "Sparkassen-Open A"]
[Site "Heusenstamm, Martinsee"]
[Date "2024.11.21"]
[Round "1.43"]
[White "Michels, Achim"]
[Black "Röß, Jonas"]
[Result "1/2-1/2"]
[WhiteElo "2163"]
[BlackElo "1878"]
[PlyCount "40"]
[EventDate "2024.11.21"]
[WhiteTeam "SC ML Kastellaun"]
[BlackTeam "SV Würzburg von 1865 e.V."]

1. d4 d5 2. c4 c6 3. Nf3 Nf6 4. e3 e6 5. b3 Bd6 6. Bd3 Nbd7 7. Bb2 b6 8. Nbd2 Bb7 9. O-O O-O 10. e4 dxe4 11. Nxe4 Nxe4 12. Bxe4 Nf6 13. Bc2 c5 14. Re1 Bxf3 15. gxf3 Nh5 16. Qd3 g6 17. Qe4 Nf4 18. Kh1 Qg5 19. Rg1 Qh5 20. Rg3 Nh3 1/2-1/2

[Event "Sparkassen-Open A"]
[Site "Heusenstamm, Martinsee"]
[Date "2024.11.21"]
[Round "1.44"]
[White "Winand, Edgar"]
[Black "Boeren, Jurriaan"]
[Result "0-1"]
[WhiteElo "1878"]
[BlackElo "2159"]
[PlyCount "98"]
[EventDate "2024.11.21"]
[WhiteTeam "SF Frankfurt 1921"]
[BlackTeam "Kennemer Combinatie"]

1. g4 d5 2. Bg2 e5 3. d3 Nc6 4. h3 h5 5. g5 Be6 6. Nc3 Qd7 7. e4 Nge7 8. Bd2 O-O-O 9. a3 f5 10. gxf6 gxf6 11. exd5 Nxd5 12. Nxd5 Bxd5 13. Bxd5 Qxd5 14. Qf3 Qb5 15. Qf5+ Kb8 16. Bc3 Be7 17. Ne2 Qa4 18. Rc1 h4 19. Rg1 Rhg8 20. Rg4 Rxg4 21. hxg4 Rg8 22. f3 Qb5 23. Qe6 Rh8 24. Kd2 Qc5 25. Rf1 a6 26. Qf7 Rf8 27. Qh5 f5 28. g5 Rg8 29. g6 f4 30. Ke1 Qd6 31. Rg1 Qf6 32. Qg4 Bc5 33. Qg5 Qe6 34. Rg4 Be7 35. Qh5 Bf6 36. Qh7 Ne7 37. Kf1 Nf5 38. Qf7 Ne3+ 39. Kg1 Qc8 40. Rxf4 exf4 41. Bxf6 Rf8 42. Be7 Re8 43. Nxf4 Nf5 44. Bc5 b6 45. Bf2 Rf8 46. Qh7 Rh8 47. Qf7 h3 48. Ne6 Nd6 49. Qf6 Rg8 0-1

[Event "Sparkassen-Open A"]
[Site "Heusenstamm, Martinsee"]
[Date "2024.11.21"]
[Round "1.45"]
[White "Aravindhan, Achyuth"]
[Black "Kessler, Georg"]
[Result "1-0"]
[WhiteElo "2156"]
[BlackElo "1876"]
[PlyCount "47"]
[EventDate "2024.11.21"]
[WhiteTeam "Club Zukertort"]
[BlackTeam "SC Sulzbach-Rosenberg"]

1. e4 e5 2. Nf3 Nf6 3. d4 Nxe4 4. Bd3 d5 5. Nxe5 Bd6 6. O-O O-O 7. c4 c6 8. Nd2 Nxd2 9. Bxd2 Nd7 10. Nxd7 Bxd7 11. cxd5 Qh4 12. f4 Qf6 13. Bc3 cxd5 14. Qh5 g6 15. Qxd5 Bc6 16. Qb3 Bxf4 17. d5 Qh4 18. Rxf4 Qxf4 19. Re1 Ba4 20. Qxb7 Rfb8 21. Qa6 Re8 22. Rf1 Qe3+ 23. Kh1 Bd7 24. Qf6 1-0

[Event "Sparkassen-Open A"]
[Site "Heusenstamm, Martinsee"]
[Date "2024.11.21"]
[Round "1.46"]
[White "Nagel, Matthias"]
[Black "Restorff, Felix"]
[Result "0-1"]
[WhiteElo "1875"]
[BlackElo "2151"]
[PlyCount "52"]
[EventDate "2024.11.21"]
[WhiteTeam "SV 1920 Kelsterbach"]
[BlackTeam "SV Blau-Weiß Concordia 07/24 Vie"]

1. d4 d5 2. Nc3 Nf6 3. Bf4 c5 4. e3 cxd4 5. exd4 Bg4 6. f3 Bd7 7. g4 Nc6 8. Qd2 Qa5 9. h4 a6 10. h5 h6 11. Nge2 e6 12. Bg2 Rc8 13. Nd1 b5 14. c3 b4 15. Kf2 Qb6 16. Kg3 Be7 17. Bf1 Na5 18. Ne3 Nc4 19. Nxc4 dxc4 20. Kg2 Bc6 21. Kg3 Bxf3 22. Kxf3 Qb7+ 23. d5 Nxd5 24. Bh3 Nxc3+ 25. Ke3 Bc5+ 26. Nd4 Qe4+ 0-1

[Event "Sparkassen-Open A"]
[Site "Heusenstamm, Martinsee"]
[Date "2024.11.21"]
[Round "1.47"]
[White "Hoppe, Thilo"]
[Black "Klein, Deniz"]
[Result "1-0"]
[WhiteElo "2127"]
[BlackElo "1874"]
[PlyCount "41"]
[EventDate "2024.11.21"]
[WhiteTeam "SC Bonn Beuel"]
[BlackTeam "SK Kaiserslautern 1905"]

1. d4 Nf6 2. c4 e6 3. Nf3 c5 4. d5 b5 5. e4 Nxe4 6. Bd3 Nf6 7. O-O Be7 8. Re1 O-O 9. Nc3 b4 10. Ne4 exd5 11. cxd5 d6 12. Qe2 Nxd5 13. Neg5 Bxg5 14. Bxg5 Nf6 15. Bxf6 gxf6 16. Qe4 f5 17. Qxa8 Qb6 18. Qd5 Be6 19. Rxe6 fxe6 20. Qxe6+ Kg7 21. Nh4 1-0

[Event "Sparkassen-Open A"]
[Site "Heusenstamm, Martinsee"]
[Date "2024.11.21"]
[Round "1.48"]
[White "Steigleder, Maximilian"]
[Black "Erdmann, Stefan"]
[Result "0-1"]
[WhiteElo "1873"]
[BlackElo "2137"]
[PlyCount "130"]
[EventDate "2024.11.21"]
[WhiteTeam "Sfr.1932 Kelkheim"]
[BlackTeam "SK Bad Homburg 1927"]

1. e4 c5 2. c3 Nf6 3. e5 Nd5 4. d4 cxd4 5. Nf3 e6 6. Bc4 Nb6 7. Bb3 d6 8. cxd4 Nc6 9. O-O dxe5 10. dxe5 Qxd1 11. Rxd1 Bd7 12. Nc3 Na5 13. Be3 Bc6 14. Bxb6 axb6 15. Nd4 Bc5 16. Nxc6 Nxc6 17. Ba4 Ke7 18. Bxc6 bxc6 19. Ne4 Rhd8 20. Nxc5 bxc5 21. Rxd8 Kxd8 22. a3 Kc7 23. Rd1 Ra4 24. Kf1 g5 25. f3 h5 26. Re1 Rd4 27. Re4 Rd1+ 28. Re1 Rd3 29. Kf2 Kb6 30. Re3 Rd2+ 31. Re2 Rd5 32. Kg3 Rd4 33. Re3 c4 34. Kf2 Rd2+ 35. Re2 Rd5 36. g3 Kb5 37. Re4 Rd3 38. Re3 Rd1 39. h4 gxh4 40. gxh4 Rb1 41. Re2 Rc1 42. Ke3 Kc5 43. Kf4 c3 44. bxc3 Rxc3 45. Rd2 Rc4+ 46. Kg5 Rd4 47. Rc2+ Kd5 48. f4 c5 49. Rf2 Ke4 50. Kxh5 Kf5 51. Kh6 Rxf4 52. Rc2 Rxh4+ 53. Kg7 Kxe5 54. Rxc5+ Kd6 55. Ra5 Rf4 56. Kf8 e5 57. Ra6+ Kd5 58. a4 e4 59. Ra8 e3 60. Rd8+ Kc4 61. Re8 Kd3 62. a5 f5 63. a6 Ra4 64. Re6 f4 65. Rd6+ Ke2 0-1

[Event "Sparkassen-Open A"]
[Site "Heusenstamm, Martinsee"]
[Date "2024.11.21"]
[Round "1.49"]
[White "Musiienko, Tymur"]
[Black "Werner, Tom"]
[Result "1-0"]
[WhiteElo "2141"]
[BlackElo "1872"]
[PlyCount "45"]
[EventDate "2024.11.21"]
[WhiteTeam "Wiesbadener SV 1885"]
[BlackTeam "VSG 1880 Offenbach"]

1. e4 e6 2. d4 d5 3. Nd2 Nf6 4. e5 Nfd7 5. Ngf3 c5 6. c3 Nc6 7. Bd3 a6 8. O-O b5 9. Re1 Be7 10. a3 Qb6 11. dxc5 Bxc5 12. Qe2 Ndxe5 13. Nxe5 Nxe5 14. Qxe5 Bxf2+ 15. Kh1 Bxe1 16. Qxe1 Qd6 17. Nf3 h6 18. Qh4 Bd7 19. Bf4 Qe7 20. Qg3 f5 21. Bxf5 exf5 22. Re1 Be6 23. Nd4 1-0

[Event "Sparkassen-Open A"]
[Site "Heusenstamm, Martinsee"]
[Date "2024.11.21"]
[Round "1.50"]
[White "Klebs, Sebastian"]
[Black "Pfrengle, Tim"]
[Result "0-1"]
[WhiteElo "1871"]
[BlackElo "2091"]
[PlyCount "104"]
[EventDate "2024.11.21"]
[WhiteTeam "Karlsruher SF 1853"]
[BlackTeam "SC ML Kastellaun"]

1. e4 e5 2. Nc3 Nf6 3. f4 d5 4. exd5 exf4 5. Bb5+ Bd7 6. Bc4 Bd6 7. Qe2+ Qe7 8. Qxe7+ Kxe7 9. Nf3 h6 10. O-O a6 11. Re1+ Kf8 12. d4 Bf5 13. Bb3 Nbd7 14. Bd2 g5 15. Re2 Kg7 16. Rae1 Rae8 17. Rxe8 Rxe8 18. Rxe8 Nxe8 19. h3 Nef6 20. a3 Nb6 21. Be1 Kf8 22. Bf2 Ke8 23. Ne5 Nfd7 24. Nc4 Nxc4 25. Bxc4 Bxc2 26. Be2 f5 27. Bf3 Nf6 28. Kf1 g4 29. Be2 Kf7 30. Bc4 h5 31. Ba2 Bd3+ 32. Kg1 Kg6 33. Be1 Be4 34. Nxe4 fxe4 35. Kf2 Kf5 36. Ke2 f3+ 37. gxf3 gxf3+ 38. Kf2 h4 39. Bd2 Bg3+ 40. Kf1 Bf4 41. d6 Bxd6 42. Be3 Bf4 43. Be6+ Kg5 44. Kf2 c6 45. Bc8 Bxe3+ 46. Kxe3 Nd5+ 47. Kf2 Kf4 48. Bg4 Ne3 49. Bc8 Nd1+ 50. Kf1 e3 51. Bxb7 e2+ 52. Ke1 Ke3 0-1

[Event "Sparkassen-Open A"]
[Site "Heusenstamm, Martinsee"]
[Date "2024.11.21"]
[Round "1.51"]
[White "Dordevic, Tom"]
[Black "Will, Jonas"]
[Result "1-0"]
[WhiteElo "2123"]
[BlackElo "1869"]
[PlyCount "75"]
[EventDate "2024.11.21"]
[WhiteTeam "SV Mülheim-Nord 1931 e"]
[BlackTeam "SV Schott Jena"]

1. d4 d5 2. c4 e6 3. Nf3 Nf6 4. g3 Bb4+ 5. Bd2 Be7 6. Bg2 Nbd7 7. Qc2 O-O 8. O-O Ne4 9. Nc3 Nxd2 10. Nxd2 Nf6 11. Rad1 c6 12. Rfe1 Re8 13. e4 dxe4 14. Ndxe4 Nxe4 15. Bxe4 g6 16. h4 Bf6 17. Ne2 Qe7 18. Kg2 h5 19. Nf4 Bd7 20. Bf3 Qf8 21. c5 Rad8 22. Qc4 Qg7 23. Re4 e5 24. dxe5 Bxe5 25. Qe2 f5 26. Re3 Bxf4 27. Qc4+ Kf8 28. Qxf4 Rxe3 29. Qxe3 Re8 30. Qg5 Be6 31. Rd6 Kf7 32. Qd2 Qe5 33. b4 Re7 34. a3 Qa1 35. Qh6 Qg7 36. Qg5 Qc3 37. Rd8 Qf6 38. Rf8+ 1-0

[Event "Sparkassen-Open A"]
[Site "Heusenstamm, Martinsee"]
[Date "2024.11.21"]
[Round "1.52"]
[White "Diehl, Stefan"]
[Black "Windmüller, Simon"]
[Result "1/2-1/2"]
[WhiteElo "1865"]
[BlackElo "2108"]
[PlyCount "93"]
[EventDate "2024.11.21"]
[WhiteTeam "SC Eschborn 1974"]
[BlackTeam "SC Turm Illingen"]

1. f4 d5 2. Nf3 g6 3. e3 Bg7 4. d4 Nh6 5. Bd3 O-O 6. O-O Bf5 7. Bxf5 Nxf5 8. c3 c6 9. Qe2 Nd7 10. e4 dxe4 11. Qxe4 Nf6 12. Qe2 Qc7 13. Ne5 c5 14. Qc4 Rac8 15. g4 Nd6 16. Qxc5 Qxc5 17. dxc5 Rxc5 18. g5 Nd5 19. Nd7 Rc4 20. Nxf8 Kxf8 21. Na3 Re4 22. Bd2 Re2 23. Rad1 Ne4 24. Bc1 e6 25. Rfe1 Rxe1+ 26. Rxe1 Nc5 27. Rd1 Ke7 28. Kg2 a6 29. Kf3 Na4 30. Nc4 b5 31. Ne5 h5 32. c4 Bxe5 33. fxe5 bxc4 34. Rd4 Nab6 35. Bd2 Nd7 36. Re4 N7b6 37. Be3 Nd7 38. Bd4 Nb4 39. Bc3 Nxa2 40. Bd2 a5 41. Bxa5 Nc1 42. Bb4+ Ke8 43. Bd6 Nd3 44. Re2 Nb6 45. Ke4 Kd8 46. Kd4 Kc8 47. Rc2 1/2-1/2